ا ر د و کی بہتر ين مثنو يا ن (Record no. 87857)

MARC details
000 -LEADER
fixed length control field 01387nam a22002657a 4500
005 - DATE AND TIME OF LATEST TRANSACTION
control field 20170425150029.0
008 - FIXED-LENGTH DATA ELEMENTS--GENERAL INFORMATION
fixed length control field 140714b xxu||||| |||| 00| 0 Urdu d
010 ## - LCCN (DPL NO)
LC control number UR-284 B-548366 B-666039
020 ## - INTERNATIONAL STANDARD BOOK NUMBER
Terms of availability 225.00
International Standard Book Number 9789380934488
035 ## - SYSTEM CONTROL NUMBER
System control number U-284 B-548366 B-666039
037 ## - SOURCE OF ACQUISITION
Source of stock number/acquisition BPPD/Publishers/Venders
037 ## - SOURCE OF ACQUISITION
Source of stock number/acquisition KBD(Ven.)/M.R.Pub.(Pub.)
040 ## - CATALOGING SOURCE
Original cataloging agency DPL
Language of cataloging Urdu
082 ## - DEWEY DECIMAL CLASSIFICATION NUMBER
Classification number 841
100 ## - MAIN ENTRY--PERSONAL NAME
Personal name فر ما ن فتحپو ر ی
245 ## - TITLE STATEMENT
Title ا ر د و کی بہتر ين مثنو يا ن
Statement of responsibility, etc فر ما ن فتحپو ر ی
246 ## - VARYING FORM OF TITLE
Title proper/short title Urdu ki Behtreen Masnaviyaan
Remainder of title by Farman Fatehpuri
260 ## - PUBLICATION, DISTRIBUTION, ETC. (IMPRINT)
Name of publisher, distributor, etc M.R. Publications (Publisher)
-- K.B.D..( Vender)
Date of publication, distribution, etc 2014
260 ## - PUBLICATION, DISTRIBUTION, ETC. (IMPRINT)
Place of publication, distribution, etc B-1770,Near State Bank of India,Jahangir Puri,Delhi-110033
270 ## - ADDRESS
City نئ د ھلی
Address #10، ميٹر و پو ل ما ر کيٹ،2724-25،پہلی منز ل کو چہ چيلا ن،د ر يا گنج
Postal code 110002
Telephone number 9810784549، 9873156910
300 ## - PHYSICAL DESCRIPTION
Extent 168ص
Dimensions 22Cm(Pb)
942 ## - ADDED ENTRY ELEMENTS (KOHA)
Source of classification or shelving scheme Dewey Decimal Classification
Item type Urdu Bks
Call number suffix ف ر م
Classification part 841
Holdings
Withdrawn status Lost status Source of classification or shelving scheme Damaged status Not for loan Collection code Home library Current library Date acquired Source of acquisition Cost, normal purchase price Total Checkouts Full call number Barcode Date last seen Copy number Cost, replacement price Koha item type
    Dewey Decimal Classification     Non-fiction Ashok Vihar Ashok Vihar 25/04/2017 BPPD/UR/2014-15/AV/16-17/659/17.2.17/KBD/1351/7.3.17/8.3.17 225.00   841 ف ر م B-666039 25/04/2017 1 225.00 Urdu Bks
    Dewey Decimal Classification     Non-fiction Central Library Central Library 18/12/2014 BPPD/UR/2014-15/128/1.8.14/KBD/1056/14.8.14/2.9.14 225.00   841 ف ر م B-548366 18/12/2014 1 225.00 Urdu Bks

© Delhi Public Library
Hit Counter
free hit counter